| 000 | 03113cam a22005174i 4500 | ||
|---|---|---|---|
| 003 | PE-LiUPU | ||
| 005 | 20250731173409.0 | ||
| 008 | 150706s2011 flu r 000 0 spa d | ||
| 020 | _a978829757934 | ||
| 035 | _a(Sirsi) i978829757934 | ||
| 040 |
_aPE-LiUPU _bspa _cPE-LiUPU _erda |
||
| 049 | _aPRUA | ||
| 082 | 0 | 4 |
_a254.5 _bL82 _221 |
| 100 | 1 |
_aLong, Brad, _eautor. |
|
| 245 | 1 | 3 |
_aEl poder del Espíritu Santo y el crecimiento de la iglesia : _bsiete principios de colaboración dinámica / _cBrad Long, Paul Stokes y Cindy Strickler. |
| 264 | 1 |
_aMiami, Florida : _bEditorial VIDA, _c2011. |
|
| 300 |
_a247 páginas ; _c23 centímetros |
||
| 336 |
_atext _2rdacontent |
||
| 337 |
_aunmediated _2rdamedia |
||
| 338 |
_avolume _2rdacarrier |
||
| 505 | 0 | _aEl Espíritu Santo es el que desarrolla a la iglesia -- La danza de cooperación entre lo humano y lo divino -- Los dos fundamentos -- El primer fundamento: Los líderes -- Los líderes deben encarnar el reino de Dios -- Los cuatro requisitos de Jesús para los líderes en crecimiento que producirán el desarrollo de la iglesia -- Recibir la investidura de poder del Espíritu Santo -- Las congregaciones -- -- Congregaciones en desarrollo que encarnan el reino de Dios -- -- Puertas de entrada para las congregaciones -- Las siete dinámicas -- Pasos en la danza de cooperación entre lo humano y lo divino -- Primera dinámica: El amor divino nos lleva a la participación -- Segunda dinámica: La oración intercesora invita a Dios a participar -Tercera dinámica: La fe revestida de obediencia abre la puerta a la actividad de Dios -- Cuarta dinámica: Recibir la guía divina para colaborar con el Espíritu Santo -- Quinta dinámica: El discernimiento espiritual logra que tanto el escuchar como el obedecer resulten algo seguro -- Sexta dinámica: Darle la bienvenida a los dones y a las manifestaciones del Espíritu Santo -- Séptima dinámica: Ver y responder a los momentos kairós -- Obstáculos para la danza -- La sinergia de la danza. | |
| 526 | _aSEG42 | ||
| 526 | _aSEG41 | ||
| 526 | _aSEG40 | ||
| 526 | _aSEG39 | ||
| 526 | _aP94 | ||
| 526 | _aP87 | ||
| 526 | _aP86 | ||
| 526 | _aP85 | ||
| 526 | _aP77 | ||
| 526 | _aP76 | ||
| 526 | _aP35 | ||
| 541 | _g001-0000539; | ||
| 650 | 0 | 4 |
_aCrecimiento de iglesia _xIglesia presbiteriana. |
| 650 | 0 | 4 |
_aCrecimiento de iglesia _xIglesia Reformada. |
| 650 | 0 | 4 |
_aEspiritu Santo. _91618 |
| 700 | 1 |
_aStrickler, Cindy, _eautor. |
|
| 700 | 1 |
_aStokes, Paul1964-, _eautor. |
|
| 700 | 1 |
_aHimitian, Palacio Silvia de, _etraductor. |
|
| 910 |
_agl _bjv _cng _d20110927 |
||
| 942 |
_2ddc _cBOOK |
||
| 949 |
_a254.5 L82 _wDEWEY _c1 _i63721 _lCCODEBUL1 _mBUL _p14.00 _r0 _sY _tBOOK _u2015-7-6 _xTEOLOGIA _PP35 _o.STAFF. Colección General |
||
| 994 |
_aC0 _bPEPRU |
||
| 596 | _a1 | ||
| 999 |
_a254.5 L82 _wDEWEY _c52617 _i63721 _d52617 _e2019-4-7 _f2021-11-10 _g5 _lCCODEBUL1 _mBUL _n7 _p14.00 _q2 _r0 _sY _tBOOK _u2015-7-6 _xTEOLOGIA _PP35 _0COMPRA _o.STAFF. Colección Teología |
||
| 980 |
_81 _gALBERTO SANCHEZ Responsable de Automatización |
||